• 首页
  • 本馆介绍
  • 公告通知
  • 最新文献
  • 馆藏检索
  • 电子资源
  • 读者导购
  • 参考咨询
  • 我的图书馆
  • 登录
  • 详细信息显示
  • 放入我的书架
  • 预约/预借图书
  • 作者相关作品
  • 分类相关作品
  • 丛书相关作品
  • 出版社相关作品

书目信息

  • 表格格式
  • 工作单格式
  • 卡片格式
题名:
莎士比亚名剧连环画
    
 
作者: 莎士比亚 , 何星 原著 ;舒湘鄂 绘画
分册: 3  
出版信息: 北京   北京日报出版社  1989.10
页数: 271页
开本: 19cm
丛书名:
单 册:
中图分类: J228.4 , I561.3
科图分类:
主题词: 连环画--中国--现代 , 文学
电子资源:
ISBN: 7-80502-341-7
000 00791nam0 2200253 450
001 1539891653
005 20150123110530.82
010    @a7-80502-341-7@dCNY33.00
100    @a19921208d1989 am y0chiy0110 ea
101 0  @achi
102    @aCN@b110000
105    @aa t 000yy
200 1  @a莎士比亚名剧连环画@9sha shi bi ya ming ju lian huan hua@h3@f(英)莎士比亚原著@g何 星等改编@g舒湘鄂等绘画
210    @a北京@c北京日报出版社@d1989.10
215    @a271页@d19cm
606 0  @a连环画@y中国@z现代
606 0  @a文学
690    @aJ228.4@v三版
690    @aI561.3@v4
701  1 @c(英)@a莎士比亚@9sha shi bi ya@c(Shakespeare, William@f1564~1616)@4原著
701  0 @a何星@9he xing@4改编
702  0 @a舒湘鄂@9shu xiang e@4绘画
801  0 @aCN@bTSSF@c20150123
905    @aZUCC@dI561.3@eJY11:3
    
    莎士比亚名剧连环画.3/(英)莎士比亚原著/何 星等改编/舒湘鄂等绘画.-北京:北京日报出版社,1989.10
    271页;19cm
    
    
    ISBN 7-80502-341-7:CNY33.00
    
●
相关链接 在E读中查询图书 在五车中查询图书 在当当中查询图书 在豆瓣中查询图书


正题名:莎士比亚名剧连环画     索取号:I561.3/JY11:3         预约/预借

序号 登录号 条形码 馆藏地/架位号 状态 备注
1 7843128   278431289   学院路分馆/ [索取号:I561.3/JY11:3] 在馆    
唐山师范学院图书馆 欢迎您!
大连网信软件有限公司© 版权所有